| 000 | 01497nam a2200421Ii 4500 | ||
|---|---|---|---|
| 001 | DIGDYK1830 | ||
| 003 | NyNyDIG | ||
| 006 | m o d | ||
| 007 | cr ||||||||||| | ||
| 008 | 220822s2020 sp ob 000 0 spa d | ||
| 035 | _a(OCoLC)1199056877 | ||
| 040 |
_aDGITA _beng _erda _epn _cDGITA |
||
| 020 |
_a9788413248684 _qpdf |
||
| 020 | _z9788413248196 | ||
| 043 | _ae-sp--- | ||
| 050 | 1 | 4 | _aRA395.S7 ebook |
| 100 | 1 |
_aCalvo Vérgez, Juan, _eauthor. |
|
| 245 | 1 | 3 |
_aLa sanidad en España : _bsituación actual y perspectivas de futuro / _cJuan Calvo Vérgez. |
| 264 | 1 |
_aMadrid : _bDykinson, S.L., _c[2020] |
|
| 300 | _a1 online resource. | ||
| 336 |
_atext _btxt _2rdacontent |
||
| 337 |
_acomputer _bc _2rdamedia |
||
| 338 |
_aonline resource _bcr _2rdacarrier |
||
| 347 |
_atext file _2rdaft |
||
| 347 | _bPDF | ||
| 504 | _aIncludes bibliographical references. | ||
| 588 | 0 | _aOnline resource; title from PDF title page (Digitalia, viewed August 22, 2022) | |
| 650 | 0 |
_aMedical policy _zSpain. |
|
| 650 | 0 |
_aPublic health _zSpain. |
|
| 650 | 0 |
_aMedical care _zSpain. |
|
| 655 | 0 | _aElectronic books. | |
| 791 | 2 |
_aDigitalia (Firm), _edistributor. |
|
| 793 | 0 |
_gDigitalia eBook Collection: _aDykinson Editorial |
|
| 776 | 0 | 8 |
_iPrint version: _aCalvo Vérgez, Juan. _tSanidad en España. _dMadrid : Dykinson, S.L., [2020] _z9788413248196 |
| 856 | 4 | 0 |
_3Digitalia Hispánica _uhttps://www.digitaliapublishing.com/a/76662/ |
| 910 | _aPremium collection: 2022 | ||
| 942 | _cRAA | ||
| 999 |
_c263837 _d263837 |
||